Izgalmas fotók, újfajta hangzások
Elmentve itt :
| Szerző: | |
|---|---|
| Dokumentumtípus: | Cikk |
| Megjelent: |
1974-12-04
|
| Sorozat: | Délmagyarország
64 No. 283 |
| Kulcsszavak: | művészklub |
| Online Access: | http://dmarchiv.bibl.u-szeged.hu/115520 |
| LEADER | 00449nab a2200157 i 4500 | ||
|---|---|---|---|
| 001 | delm115520 | ||
| 005 | 20190408151549.0 | ||
| 008 | 190408s1974 hu o 0|| hun d | ||
| 040 | |a SZTE Délmagyarország Archívum |b hun | ||
| 041 | |a hun | ||
| 100 | 1 | |a Tandi Lajos | |
| 245 | 1 | 0 | |a Izgalmas fotók, újfajta hangzások |h [elektronikus dokumentum] / |c Tandi Lajos |
| 260 | |c 1974-12-04 | ||
| 300 | |a 5 | ||
| 490 | 0 | |a Délmagyarország |v 64 No. 283 | |
| 695 | |a művészklub | ||